សត្វល្អិតចង្រៃនិងជំងឺដំណាំសណ្ដែក ការបំផ្លាញរបស់វានិងវិធានការណ៍កំចាត់ (Record no. 58)
[ view plain ]
| 000 -LEADER | |
|---|---|
| fixed length control field | 00578nam a22001577a 4500 |
| 003 - CONTROL NUMBER IDENTIFIER | |
| control field | OSt |
| 005 - DATE AND TIME OF LATEST TRANSACTION | |
| control field | 20150905165242.0 |
| 008 - FIXED-LENGTH DATA ELEMENTS--GENERAL INFORMATION | |
| fixed length control field | 150905b xxu||||| |||| 00| 0 eng d |
| 040 ## - CATALOGING SOURCE | |
| Transcribing agency | RUA |
| 082 ## - DEWEY DECIMAL CLASSIFICATION NUMBER | |
| Classification number | AGR កុយ 1990 B001 Or.1 |
| 100 ## - MAIN ENTRY--PERSONAL NAME | |
| 9 (RLIN) | 61 |
| Personal name | ឈិត ស៊ីថា |
| 245 ## - TITLE STATEMENT | |
| Title | សត្វល្អិតចង្រៃនិងជំងឺដំណាំសណ្ដែក ការបំផ្លាញរបស់វានិងវិធានការណ៍កំចាត់ |
| 260 ## - PUBLICATION, DISTRIBUTION, ETC. (IMPRINT) | |
| Place of publication, distribution, etc. | Phnom Penh |
| Name of publisher, distributor, etc. | RUA |
| Date of publication, distribution, etc. | 1990 |
| 300 ## - PHYSICAL DESCRIPTION | |
| Extent | 144p. |
| Other physical details | ill. |
| Dimensions | 29cm. |
| 942 ## - ADDED ENTRY ELEMENTS (KOHA) | |
| Source of classification or shelving scheme | |
| Koha item type | AGR |
No items available.